Statistics for Countries that beat California

Click here to take the quiz!

General Stats

  • This quiz has been taken 50 times
  • The average score is 8 of 10

Answer Stats

RankCategoryBeaten by% Correct
5Largest economyUnited States / China / Japan / Germany
100%
3Most billionaresUnited States / China
98%
4Country closest to HawaiiKiribati / Marshall Islands / United States
87%
3Largest city once in the Spanish EmpirePhilippines / Mexico
87%
10Lowest point on landIsrael / Jordan / Syria / Djibouti / China / Egypt / Kazakhstan / Ethiopia / Argentina
85%
9Busiest container portChina / Singapore / South Korea / United Arab Emirates / Netherlands / Malaysia / Belgium / Taiwan
83%
6Largest music fesitval (by attendance number)Austria / Morocco / United States / Poland / Brazil
72%
2Has the largest city worldwide starting with SABrazil
63%
2Furthest 1M+ city away from Antananarivo, MadagascarMexico
54%
3Westernmost capital city*Tonga / Samoa
54%

Score Distribution

Percentile by Number Answered

Percent of People with Each Score

Your Score History

You have not taken this quiz